| 000 | 00654cam a2200229 a 4500 | ||
|---|---|---|---|
| 008 | |||
| 020 | _a1903300231 | ||
| 049 | _aMAIN | ||
| 090 |
_aLB2844.1 _bCAR |
||
| 100 | _aCarroll, Clive. | ||
| 245 | 0 | 0 |
_aSucceeding as an induction tutor / _cClive Carroll, Neil Simco. |
| 260 |
_aExeter : _bLearning Matters, _c2001. |
||
| 300 |
_aviii, 120 p. ; _c24 cm. |
||
| 504 | _aIncludes bibliographical references. | ||
| 500 | _aIncludes index. | ||
| 700 | _aSimco, Neil. | ||
| 907 |
_a.b10269885 _b28-02-11 _c16-10-09 |
||
| 003 | |||
| 005 | 20230123124957.0 | ||
| 040 | _cNUST | ||
| 942 |
_cBOOKS _kLB2844.1 _mCAR |
||
| 999 |
_c133551 _d133551 |
||